International business and trade (Record no. 79267)

MARC details
000 -LEADER
fixed length control field 00364nam a2200145Ii 4500
003 - CONTROL NUMBER IDENTIFIER
control field URS
008 - FIXED-LENGTH DATA ELEMENTS--GENERAL INFORMATION
fixed length control field 240419s9999 xx 000 0 und d
245 #0 - TITLE STATEMENT
Title International business and trade
245 #0 - TITLE STATEMENT
Statement of responsibility, etc. Martin, M.
264 ## - PRODUCTION, PUBLICATION, DISTRIBUTION, MANUFACTURE, AND COPYRIGHT NOTICE
Date of production, publication, distribution, manufacture, or copyright notice 2021
336 ## - CONTENT TYPE
Content type term text
Content type code txt
Source rdacontent
337 ## - MEDIA TYPE
Media type term unmediated
Media type code n
Source rdamedia
338 ## - CARRIER TYPE
Carrier type term volume
Carrier type code nc
Source rdacarrier
942 ## - ADDED ENTRY ELEMENTS (KOHA)
Koha item type Books
Source of classification or shelving scheme Library of Congress Classification
Holdings
Withdrawn status Damaged status Not for loan Home library Current library Date acquired Total Checkouts Full call number Date last seen Price effective from Koha item type
      Binangonan College Library Binangonan College Library     HD 62.4 M363 2021 04/19/2024 04/19/2024 Books

University of Rizal System
Email us at univlibservices@urs.edu.ph

Visit our Website www.urs.edu.ph/library